An African dilemma : (Record no. 2350)

MARC details
000 -LEADER
fixed length control field 00969cam a2200277 i 4500
001 - CONTROL NUMBER
control field 1294830
003 - CONTROL NUMBER IDENTIFIER
control field OSt
005 - DATE AND TIME OF LATEST TRANSACTION
control field 20230622141837.0
008 - FIXED-LENGTH DATA ELEMENTS--GENERAL INFORMATION
fixed length control field 760923s1976 ke b 001 0 eng
010 ## - LIBRARY OF CONGRESS CONTROL NUMBER
LC control number 76369164
020 ## - INTERNATIONAL STANDARD BOOK NUMBER
International Standard Book Number 0195723740 :
Terms of availability $15.75
040 ## - CATALOGING SOURCE
Original cataloging agency DLC
Transcribing agency DLC
Modifying agency DLC
043 ## - GEOGRAPHIC AREA CODE
Geographic area code f-gh---
-- f-tz---
-- f-ug---
082 00 - DEWEY DECIMAL CLASSIFICATION NUMBER
Classification number 329.69
Item number BAR
100 1# - MAIN ENTRY--PERSONAL NAME
Personal name Barkan, Joel D.
245 13 - TITLE STATEMENT
Title An African dilemma :
Remainder of title university students, development, and politics in Ghana, Tanzania, and Uganda /
Statement of responsibility, etc. Joel D. Barkan.
260 ## - PUBLICATION, DISTRIBUTION, ETC. (IMPRINT)
Place of publication, distribution, etc. Nairobi ;
-- New York :
Name of publisher, distributor, etc. Oxford University Press,
Date of publication, distribution, etc. 1975 [i.e. 1976]
300 ## - PHYSICAL DESCRIPTION
Extent xvii, 259 p. ;
Dimensions 22 cm.
500 ## - GENERAL NOTE
General note Includes index.
504 ## - BIBLIOGRAPHY, ETC. NOTE
Bibliography, etc Bibliography: p. [247]-254.
650 #0 - SUBJECT ADDED ENTRY--TOPICAL TERM
Topical term or geographic name as entry element College students
General subdivision Political activity
Geographic subdivision Ghana.
650 #0 - SUBJECT ADDED ENTRY--TOPICAL TERM
Topical term or geographic name as entry element College students
General subdivision Political activity
Geographic subdivision Tanzania.
650 #0 - SUBJECT ADDED ENTRY--TOPICAL TERM
Topical term or geographic name as entry element College students
General subdivision Political activity
Geographic subdivision Uganda.
906 ## - LOCAL DATA ELEMENT F, LDF (RLIN)
a 7
b cbc
c orignew
d u
e ncip
f 19
g y-gencatlg
942 ## - ADDED ENTRY ELEMENTS (KOHA)
Source of classification or shelving scheme Dewey Decimal Classification
Koha item type Books
Holdings
Withdrawn status Lost status Source of classification or shelving scheme Damaged status Not for loan Home library Current library Date acquired Total Checkouts Full call number Barcode Date last seen Price effective from Koha item type
    Dewey Decimal Classification     County Hall Archives County Hall Archives 06/22/2023   329.69 BAR 10001275 06/22/2023 06/22/2023 Books
LIBRARY OPENING HOURS

When the Parliament is sitting: 8.00a.m - 7.00p.m or until the house adjourns
Mondays and Fridays and when the House is on Recess:  8.00a.m - 5.00p.m
Closed on Weekends and Public Holidays

Online Public Access Catalog (OPAC)
Website: http://www.parliament.go.ke
Bunge Library: https://libraryir.parliament.go.ke
Contact: library@parliament.go.ke | Tel no: (254-2)2221291 or 2848000 Ext 5043